| Tag |
First Indicator |
Second Indicator |
Subfields |
| LEADER |
00000cam a2200000 4500 |
| 001 |
in00000007110 |
| 005 |
20151004090010.0 |
| 008 |
720717s1969 iluab b 10010 eng d |
| 035 |
|
|
|a (OCoLC)00358369
|
| 035 |
|
|
|9 AAA1580AM
|
| 040 |
|
|
|a CSU
|c CSU
|d m.c.
|d OCL
|d TOL
|d TXA
|d UtOrBLW
|
| 043 |
|
|
|a n-us---
|a n-cn---
|
| 049 |
|
|
|a TXAM
|c [A12543100]
|
| 050 |
|
4 |
|a HD1694
|b .S9 1969
|
| 111 |
2 |
|
|a Symposium on Water Balance in North America
|d (1969 :
|c Banff, Alberta, Can)
|
| 245 |
1 |
0 |
|a Water balance in North America :
|b proceedings of the symposium on "Water balance in North America," held at Banff, Alberta, Canada June 23-26, 1969 / edited by Arleigh H. Laycock, Martha Francisco, Thelma Fisher.
|
| 264 |
|
1 |
|a Urbana, Ill. :
|b American Water Resources Ass,
|c 1969.
|
| 300 |
|
|
|a 335 pages :
|b illustrations, maps. ;
|c 28 cm.
|
| 336 |
|
|
|a text
|b txt
|2 rdacontent
|
| 337 |
|
|
|a unmediated
|b n
|2 rdamedia
|
| 338 |
|
|
|a volume
|b nc
|2 rdacarrier
|
| 490 |
1 |
|
|a Proceedings series / American Water Resources Association ;
|v no.7
|
| 500 |
|
|
|a "Sponsored by the American Water Resources Association."
|
| 504 |
|
|
|a Includes bibliographies.
|
| 650 |
|
0 |
|a Water-supply
|z United States.
|
| 650 |
|
0 |
|a Water-supply
|z Canada.
|
| 700 |
1 |
|
|a Laycock, Arleigh H.
|
| 700 |
1 |
|
|a Francisco, Martha.
|
| 700 |
1 |
|
|a Fisher, Thelma,
|d 1904-
|
| 830 |
|
0 |
|a Proceedings series (American Water Resources Association) ;
|v no. 7.
|
| 999 |
|
|
|a MARS
|
| 999 |
f |
f |
|s d1da9a0b-545e-36ef-875b-3eaa84a41dc7
|i 4ae0e8ee-b2d7-3e37-8b3e-30ceeb2b2692
|t 0
|
| 952 |
f |
f |
|p ric
|a Texas A&M University
|b Rellis Campus
|c Joint Library Facility
|d Remote Storage
|t 0
|e HD1694 .S9 1969
|h Library of Congress classification
|i unmediated -- volume
|m A14812543100
|
| 998 |
f |
f |
|a HD1694 .S9 1969
|t 0
|l Remote Storage
|